Translation: La naissance - Statistics

General Stats
  • This quiz has been taken 4 times
  • The average score is 14 of 23
Answer Stats
Mots Words % Correct
La naissance Birth
100%
Une fausse couche A miscarriage
75%
Un nouveau-né A newborn
75%
A terme At term
75%
Prématuré Premature
75%
Des quadruplés Quadruplets
75%
Naître To be born
75%
Abandonner To give away | Abandon
75%
Des triplés Triplets
75%
Un accouchement A delivery
50%
Une sage-femme A mid-wife
50%
Une (anesthésie) péridurale An epidural
50%
Une épisiotomie An episiotomy
50%
Une couveuse An incubator
50%
Un bébé mort-né A stillborn baby
50%
Le terme prévu The due date
50%
Le cordon ombilical The umbilical cord
50%
Être en travail To be in labour | To be in labor (US)
50%
Faire une fausse couche To miscarry
50%
Des jumeaux Twin boys
50%
Des jumelles Twin girls
50%
Des jumeaux Twins
50%
Une césarienne A Caesarean (section)
25%
No matching quizzes found
Score Distribution
Percent of People with Each Score
Percentile by Number Answered
Your Score History
You have not taken this quiz